Find the Vowel-less Countries of Europe Quiz Stats

 Plays Quiz Updated Aug 7, 2019

Score 0/47 Timer 08:00
7 Plays Today
% Correct
United Kingdom
92.2%
Russia
91.5%
France
91.4%
Portugal
91.4%
Spain
91.2%
Germany
91.1%
Greece
90.2%
Ireland
89.2%
Sweden
88.9%
Turkey
88.8%
Norway
88.6%
Italy
88.4%
Poland
88%
Iceland
88%
Denmark
87.6%
Finland
87.3%
Belgium
87.1%
Netherlands
86.7%
Switzerland
85.9%
Cyprus
84.1%
Ukraine
82.8%
Austria
80.3%
Luxembourg
80%
Malta
79.7%
% Correct
Belarus
79.3%
Vatican City
79%
Andorra
78.8%
Romania
78.7%
Croatia
78.3%
Estonia
78.2%
Czechia
78%
Lithuania
76.7%
Latvia
76.1%
Hungary
74.5%
Bosnia and Herzegovina
74.3%
Slovakia
73.6%
Monaco
73%
Albania
72.9%
San Marino
72.8%
Bulgaria
71.9%
Kosovo
71.8%
Moldova
71.1%
Slovenia
70.4%
Liechtenstein
69.7%
North Macedonia
69.3%
Serbia
68.2%
Montenegro
67.8%

You're not logged in!

Compare scores with friends on all Sporcle quizzes.
OR
Log In

Sporcle TV

Today on Sporcle TV


Watch our educational content, quiz creation guides, and fun videos on Sporcle TV.

Show Comments

Extras

Top Quizzes Today


Score Distribution

Your Account Isn't Verified!

In order to create a playlist on Sporcle, you need to verify the email address you used during registration. Go to your Sporcle Settings to finish the process.

Report this User

Report this user for behavior that violates our Community Guidelines.

Details: